|
|
|
|
| LEADER |
00992nam a2200289 a 4500 |
| 001 |
AAL209 |
| 003 |
BD-DhAAL |
| 005 |
20160210174428.0 |
| 008 |
150212s1996 cau b 001 0 eng |
| 010 |
|
|
|a 95041724
|
| 020 |
|
|
|a 0803958056 (alk. paper)
|
| 020 |
|
|
|a 0803958064 (pbk.)
|
| 040 |
|
|
|a DLC
|c DLC
|d DLC
|d BD-DhAAL
|
| 050 |
0 |
0 |
|a HQ759.9
|b .K64 1996
|
| 082 |
0 |
0 |
|a 306.874/5
|2 20
|
| 999 |
|
|
|c 33667
|d 33667
|
| 999 |
|
|
|c 33667
|
| 100 |
1 |
|
|a Kornhaber, Arthur.
|9 8289
|
| 245 |
1 |
0 |
|a Contemporary grandparenting /
|c Arthur Kornhaber.
|
| 260 |
|
|
|a Thousand Oaks :
|b Sage Publications,
|c c1996.
|
| 300 |
|
|
|a xvi, 231 p. ;
|c 23 cm.
|
| 504 |
|
|
|a Includes bibliographical references (p. 203-216) and index.
|
| 541 |
|
|
|e 209
|
| 650 |
|
0 |
|a Grandparenting.
|9 8290
|
| 650 |
|
0 |
|a Grandparent and child.
|9 5883
|
| 942 |
|
|
|2 ddc
|c BK
|
| 952 |
|
|
|0 0
|1 0
|2 ddc
|4 0
|6 306_874500000000000_KOR
|7 0
|9 52585
|a SCL
|b SCL
|c GEN
|d 2015-02-12
|e Gift: The Asia Foundation
|l 0
|o 306.8745 KOR
|p 3020000209
|r 2015-02-12
|t 1
|w 2015-02-12
|y BK
|